Stati senza un Aeroporto - Statistics

Statistiche generali
  • Questo quiz è stato fatto 75 volte
  • Il punteggio medio è 5 su 6
Statistiche sulle risposte
Continente Nazione % Corretto
Europa Andorra
100%
Europa San Marino
100%
Europa Città del Vaticano
98%
Europa Liechtenstein
97%
Europa Monaco
92%
Asia Palestina
14%
Nessun quiz corrispondente trovato
Distribuzione punteggi
Percentuale di utenti per punteggio
Percentile per numero di risposta
I tuoi punteggi nel tempo
Non hai fatto questo quiz